RUBBER WORLD (Record no. 10897)
[ view plain ]
| 000 -LEADER | |
|---|---|
| fixed length control field | 00495nam a2200145Ia 4500 |
| 022 ## - INTERNATIONAL STANDARD SERIAL NUMBER | |
| ISSN | 0035-9572 |
| 245 #0 - TITLE STATEMENT | |
| Title | RUBBER WORLD |
| 260 ## - PUBLICATION, DISTRIBUTION, ETC. (IMPRINT) | |
| Name of publisher | Lippincott & Peto Publication, Akron, Ohio |
| Place of publication | USA |
| 310 ## - CURRENT PUBLICATION FREQUENCY | |
| Current publication frequency | M |
| 500 ## - GENERAL NOTE | |
| General note | Ending Volume & Year: 222, 2000 |
| 500 ## - GENERAL NOTE | |
| General note | Missing Volume: 154;158(4);174;183(2);192(5);195;196(1);206(5);207(3-6);208(1-2);210;213(4-6);216(6);217(1-3);219(2) |
| 500 ## - GENERAL NOTE | |
| General note | Starting Volume & Year: 150, 1964 |
| 942 ## - ADDED ENTRY ELEMENTS (KOHA) | |
| Koha item type | Bound Journal |
| Withdrawn status | Lost status | Damaged status | Not for loan | Home library | Current library | Date acquired | Accession Number | Koha item type |
|---|---|---|---|---|---|---|---|---|
| Bound journals | RRII Library | RRII Library | 31/12/2021 | 10812J | Bound Journal |